| 000 | 00651nam a2200253Ia 4500 | ||
|---|---|---|---|
| 005 | 20250425160700.0 | ||
| 008 | 250425s9999 xx 000 0 und d | ||
| 020 | _a9978860207 | ||
| 041 | _aspa | ||
| 043 | _aec | ||
| 082 | _a928.866 | ||
| 100 | _aALBORNOZ, VICTOR MANUEL | ||
| 245 | 0 | _aPROSISTAS DE LA REPUBLICA | |
| 250 | _a1A ED. | ||
| 260 |
_aEcuador _bCORPORACION DE ESTUDIOS Y PUBLICACIONES _c1989 |
||
| 260 | _aQUITO | ||
| 300 | _a706 | ||
| 650 | _aHISTORIADORES ECUATORIANOS | ||
| 650 | _aHISTORIADORES ECUATORIANOS | ||
| 650 | _aLITERATOS ECUATORIANOS | ||
| 650 | _aLITERATOS ECUATORIANOS | ||
| 942 | _c01 | ||
| 010 | _a2216 | ||
| 999 |
_c194037 _d194037 |
||